000 03531nam0a2200421 4500
001 RU\NLR\BIBL_A\012702864
005 20250624122950.0
010 _a978-5-00139-497-6
_94000
021 _aRU
_b2021-71700
_9КН-П-5685
035 _a(RuMoRGB)010841135
035 _a(NLR Aleph) 012702864
090 _a12884248
_c12884248
100 _a20220208d2021 |||y0rusy50 ca
101 1 _arus
_ceng
102 _aRU
105 _aac||z|||001zy
181 1 _ai
_baxxe
182 1 _an
200 1 _aОкеан вне закона
_eработорговля, пиратство и контрабанда в нейтральных водах
_fИэн Урбина
_gперевод с английского: Сергей Чернин, Андрей Гришин
203 _aТекст
_bвизуальный
_cнепосредственный
210 _aМосква
_cАльпина нон-фикшн
_d2021
215 _a774 с.
_cил.,
_d22
300 _aПер. изд.: The outlaw ocean / Ian Urbina
320 _aБиблиогр.: с. 745-758
320 _aПредм.-имен. указ.: с. 759-774
330 _aНа нашей планете осталось мало неосвоенных территорий. Но, возможно, самые дикие и наименее изученные - это океаны мира. Слишком большие, чтобы их контролировать, и не имеющие четкого международного правового статуса огромные зоны нейтральных вод стали прибежищем разгула преступности. Работорговцы и контрабандисты, пираты и наемники, похитители затонувших судов и скупщики конфискованных товаров, бдительные защитники природы и неуловимые браконьеры, закованные в кандалы рабы и брошенные на произвол судьбы нелегальные пассажиры. С обитателями этого закрытого мира нас знакомит пулитцеровский лауреат Иэн Урбина, чьи опасные и бесстрашные журналистские расследования, зачастую в сотнях миль от берега, легли в основу книги. Через истории удивительного мужества и жестокости, выживания и трагедий автор показывает глобальную сеть криминала и насилия, опутывающую важнейшие для мировой экономики отрасли: рыболовецкую, нефтедобывающую, судоходную
333 _a16+
454 0 _12001#$aThe outlaw ocean$fIan Urbina
_1210##$aNew York$d2019
_1700#1$aUrbina$bI.$f1972-$gIan
_tThe outlaw ocean
_aUrbina, Ian (1972-)
606 1 _aМеждународные преступления
_91329077
_3RU\NLR\AUTH\66237628
607 _aМировой океан
_xМеждународно-правовые вопросы
_91662602
_3RU\NLR\AUTH\66736766
686 1 _aХ916.8
686 1 _aХ912.523.3
700 1 _aУрбина
_bИ.
_c1972-
_gИэн
942 _cBOOK
980 _aNB
980 4 _aVNP_SKP